Ancien nom de villes françaises - Statistiques

Statistiques générales
  • Ce quiz a été pris 40 fois
  • Le résultat moyen est 7 sur 11
Statistiques - réponses
Ancien nom Nom actuel % Correct
Lugdunum Lyon
100%
Massalia Marseille
97%
Lutèce Paris
95%
Burdigala Bordeaux
81%
Nemausus Nîmes
62%
Divio Dijon
57%
Rotomagus Rouen
57%
Condevicnum Nantes
51%
Argentoratum Strasbourg
51%
Durocortorum Reims
41%
Cenabum Orléans
27%
Aucun quiz correspondant
Distribution des résultats
% des personnes avec chaque résultat
Percentile par nombre de réponses
Votre historique - résultats
Vous n’avez pas pris ce quiz